[Event "Guegnon op"]
[Site "Guegnon"]
[Date "2004.02.29"]
[Round "5"]
[White "Vapillon, Jean Francois"]
[Black "Chomet, Pascal"]
[Result "0-1"]
[WhiteElo "1610"]
[BlackElo "2364"]
[PlyCount "92"]
[EventDate "2004.02.28"]
[EventType "swiss"]
[EventRounds "6"]
[EventCountry "FRA"]
[SourceTitle "CBM 099 Extra"]
[Source "ChessBase"]
[SourceDate "2004.05.04"]
[SourceVersion "1"]
[SourceVersionDate "2004.05.04"]
[SourceQuality "1"]

1. e4 g6 2. d4 Bg7 3. Nf3 d6 4. c4 Nd7 5. Nc3 e5 6. d5 a5 7. Be3 Nc5 8. a3 Nf6 9. Nd2 Ng4 10. Bxc5 dxc5 11. Be2 Nf6 12. 0-0 0-0 13. Rb1 Qe7 14. Na2 Bh6 15. Bd3 Ne8 16. Qe2 Nd6 17. Rfe1 Bd7 18. Nc3 a4 19. Nb5 Bxb5 20. cxb5 Bxd2 21. Qxd2 b6 22. Rbc1 Kg7 23. f4 f6 24. f5 gxf5 25. exf5 Kh8 26. Qf2 Rg8 27. h3 Rg5 28. g4 Rag8 29. Qh4 h5 30. Rc2 Qh7 31. Be2 hxg4 32. Qxh7+ Kxh7 33. hxg4 Kg7 34. Kf2 Rh8 35. Rc3 Ne4+ 36. Kg2 Nxc3 37. bxc3 Kf7 38. c4 Rgg8 39. Kg3 Rh6 40. Rg1 Rgh8 41. Bf3 Rh3+ 42. Kf2 e4 43. Bxe4 Rxa3 44. g5 Rh2+ 45. Rg2 Rxg2+ 46. Kxg2 fxg5 0-1

[Event "Guegnon op"]
[Site "Guegnon"]
[Date "2004.02.28"]
[Round "1"]
[White "Vapillon, Jean Francois"]
[Black "Claverie, Christophe"]
[Result "0-1"]
[WhiteElo "1610"]
[BlackElo "2310"]
[PlyCount "58"]
[EventDate "2004.02.28"]
[EventType "swiss"]
[EventRounds "6"]
[EventCountry "FRA"]
[SourceTitle "CBM 099 Extra"]
[Source "ChessBase"]
[SourceDate "2004.05.04"]
[SourceVersion "1"]
[SourceVersionDate "2004.05.04"]
[SourceQuality "1"]

1. e4 c5 2. Nf3 d6 3. c3 Nf6 4. e5 dxe5 5. Nxe5 e6 6. d4 Nbd7 7. Bg5 Nxe5 8. Bxf6 gxf6 9. dxe5 Qxd1+ 10. Kxd1 fxe5 11. Bb5+ Ke7 12. Re1 a6 13. Bd3 Bg7 14. Nd2 Rd8 15. Kc2 f5 16. f3 b5 17. c4 Bd7 18. g4 Rab8 19. Rab1 Bc8 20. Nb3 bxc4 21. Bxc4 Bb7 22. Rf1 fxg4 23. Rbd1 Rxd1 24. Rxd1 Bxf3 25. Re1 e4 26. Nxc5 Rxb2+ 27. Kc1 Rxh2 28. Nxe4 Be5 29. Ng5 Bf4+ 0-1